|
|
|
|
| LEADER |
00000nam a2200000 a 4500 |
| 001 |
vtls001096582 |
| 003 |
SK-MaSNL |
| 005 |
20260301001159.0 |
| 008 |
240226s1995 xo ab r yy cze |
| 015 |
|
|
|a SNBA1996/0300604
|
| 020 |
|
|
|a 8071463876
|
| 035 |
|
|
|a SNK000039424
|
| 035 |
|
|
|a urn:nbn:sk:snk-amlm32
|
| 035 |
|
|
|a urn:nbn:sk:snk-am00bxt4
|
| 035 |
|
|
|a 5878D12B-A89E-4CF9-8049-1D7209DF925C
|
| 040 |
|
|
|a SNK
|b slo
|c SNK
|e AACR2
|
| 041 |
0 |
|
|a cze
|
| 044 |
|
|
|a xo
|c SK
|
| 080 |
|
|
|a 93/99(100)=850
|2 1981
|
| 245 |
0 |
|
|a Výprava do historie
|c [Přispívajíci autoři: Ellen Bradfordová ... [et al.]]
|
| 250 |
|
|
|a Čes. vyd.
|
| 260 |
|
|
|a Bratislava
|b Junior
|c 1995
|
| 300 |
|
|
|a 271 s., [1] CompuQuizzer príl.
|b Ilustr., mp., sch.
|c 1995
|
| 500 |
|
|
|a Prekl. Karel Blažek; Ilustr. kol.
|
| 504 |
|
|
|a Reg.
|
| 650 |
0 |
7 |
|a dejiny svetové
|x knihy ilustrované
|x testy
|2 SNK
|9 279141
|
| 655 |
|
7 |
|a príručky
|2 SNK
|9 74364
|
| 700 |
1 |
|
|a Bradford, Ellen
|4 aut
|9 43010
|
| 700 |
1 |
|
|a Brennan, Robert
|c st.
|4 aut
|9 43038
|
| 700 |
1 |
|
|a Cooper, Andrea
|4 aut
|9 43209
|
| 700 |
1 |
|
|a Cutler, Burt
|4 aut
|9 43239
|
| 700 |
1 |
|
|a Kilbane, Marie
|4 aut
|9 44793
|
| 700 |
1 |
|
|a Steddom, Henry
|4 aut
|9 46961
|
| 700 |
1 |
|
|a Strasshofer, Craig
|4 aut
|9 47001
|
| 700 |
1 |
|
|a Williams, Willard
|4 aut
|9 47771
|
| 700 |
1 |
|
|a Blažek, Karel,
|d 1948-
|4 trl
|9 131867
|
| 919 |
|
|
|a 80-7146-387-6
|
| 958 |
|
|
|a TL
|
| 958 |
|
|
|a OP
|
| 958 |
|
|
|a US
|
| 958 |
|
|
|a NS
|
| 958 |
|
|
|a CZ
|
| 968 |
|
|
|a Čes
|b ENG
|
| 999 |
|
|
|c 534331
|d 536261
|
| 952 |
|
|
|t P60, <09>, [BOOK], {629}
|a SNK
|b SNK
|y NEVYP
|7 0
|o snkB 1234
|i snk4045/951130
|0 0
|1 0
|4 0
|d 1995-11-29
|l 0
|r 2004-12-31 00:00:00
|w 2026-02-23
|
| 952 |
|
|
|t P60, <03>, [BOOK], {603}
|a SNK
|b SNK
|y PREZ
|7 0
|p 17A0114681
|o snkSB 54787
|i snkKSP 9916/95
|0 0
|1 0
|4 0
|d 1995-11-29
|f 1
|l 0
|r 2025-03-26 00:00:00
|w 2026-02-23
|
| 952 |
|
|
|t P60, <05>, [BOOK], {605}
|a SNK
|b SNK
|y PREZ
|7 0
|p 17A0077099
|o snkSB 54787 D1
|i snkKSP 9917/95
|0 0
|1 0
|4 0
|d 1995-11-29
|l 0
|r 2004-12-31 00:00:00
|w 2026-02-23
|